Effective leadership (Record no. 4147)
[ view plain ]
| 000 -LEADER | |
|---|---|
| fixed length control field | 00414nam a2200157Ia 4500 |
| 001 - CONTROL NUMBER | |
| control field | 3903 |
| 008 - FIXED-LENGTH DATA ELEMENTS--GENERAL INFORMATION | |
| fixed length control field | 140317s9999 xx 000 0 und d |
| 040 ## - CATALOGING SOURCE | |
| Transcribing agency | PK-LaUMT |
| 082 ## - DEWEY DECIMAL CLASSIFICATION NUMBER | |
| Classification number | 658.409 |
| Item number | ADA-E |
| 100 ## - MAIN ENTRY--PERSONAL NAME | |
| Personal name | Adair, John |
| 245 ## - TITLE STATEMENT | |
| Title | Effective leadership |
| Remainder of title | a modern guide to developing leadership |
| Statement of responsibility, etc | Adair, John |
| 260 ## - PUBLICATION, DISTRIBUTION, ETC. (IMPRINT) | |
| Place of publication, distribution, etc | New Delhi,India: |
| Name of publisher, distributor, etc | Rupa Company, |
| Date of publication, distribution, etc | 1988 |
| 300 ## - PHYSICAL DESCRIPTION | |
| Extent | 224 p. |
| 546 ## - LANGUAGE NOTE | |
| Language note | EN |
| 942 ## - ADDED ENTRY ELEMENTS (KOHA) | |
| Koha item type | Books |
| Withdrawn status | Lost status | Damaged status | Not for loan | Home library | Current library | Date acquired | Total Checkouts | Full call number | Barcode | Date last seen | Price effective from | Koha item type |
|---|---|---|---|---|---|---|---|---|---|---|---|---|
| Withdrawn | UMT Main Campus | UMT Main Campus | 2014-03-17 | 658.409 ADA-E | 4449 | 2014-03-17 | 2014-03-17 | Books |
